LIBRARY & INFORMATION CENTRE, KCAET, TAVANUR

ONLINE PUBLIC ACCESS CATALOGUE (OPAC)

Numerical methods in science and engineering:A practical approach / (Record no. 9504)

MARC details
000 -LEADER
fixed length control field 00528cam a2200193ua 4500
020 ## - INTERNATIONAL STANDARD BOOK NUMBER
ISBN 81 85614 39 3
041 ## - LANGUAGE CODE
Language code of text/sound track or separate title eng
082 ## - DEWEY DECIMAL CLASSIFICATION NUMBER
Classification number 511
Item number RAJ/NU
100 ## - MAIN ENTRY--AUTHOR NAME
Personal name Rajasekharan, S .
245 ## - TITLE STATEMENT
Title Numerical methods in science and engineering:A practical approach /
250 ## - EDITION STATEMENT
Edition statement 1 /
260 ## - PUBLICATION, DISTRIBUTION, ETC. (IMPRINT)
Place of publication Allahabad :
Name of publisher Wheeler publishing ,
Year of publication 1992.
300 ## - PHYSICAL DESCRIPTION
Number of Pages 386 ; .
942 ## - ADDED ENTRY ELEMENTS (KOHA)
Koha item type Books
Holdings
Withdrawn status Lost status Damaged status Home library Current library Date acquired Full call number Accession Number Koha item type
      KAUAET KAUAET 07/04/2012 511 19505 Books
      KAUAET KAUAET 07/04/2012 511 18538 Books
free website counter